Statistics for Figure Skating Quiz

Click here to take the quiz!

General Stats

  • This quiz has been taken 337 times
  • The average score is 5 of 10

Answer Stats

HintAnswer% Correct
What jump takes off forward?Axel
93%
How many listed jumps are there?6
89%
What discipline involves a man and lady doing jumps, throws, and other elements?Pairs Skating
83%
What is the difference between flip jump and lutz jump?Edge
72%
What level comes next? Juvenile, Intermediate, ?Novice
52%
What does USFSA stand for?United States Figure Skating Association
50%
Who is the 2016 US National Ladies Champion?Gracie Gold
41%
Who is the 2016 US National Mens Champion?Adam Rippon
27%
Who are the 2016 US National Dance Champions?Maia and Alex Shibutani
14%
Who are the 2016 US National Pair Champions?Tarah Kayne and Danny O'Shea
7%

Score Distribution

Percentile by Number Answered

Percent of People with Each Score

Your Score History

You have not taken this quiz